| 000 | 00348nam a2200133Ia 4500 | ||
|---|---|---|---|
| 008 | 211118s9999||||xx |||||||||||||| ||und|| | ||
| 082 |
_a791.43 _bVAR-D |
||
| 100 | _aVarkey, M M | ||
| 245 | 0 | _aDocumentary Cinema | |
| 260 |
_bNational Book Stall _aKottayam _c2006 |
||
| 630 | _xCinemaGeneral Stack | ||
| 650 |
_aArts _vFilmGeneralia |
||
| 942 | _cBOOK | ||
| 999 |
_c100594 _d100594 |
||